000
00283nam a22001337a 4500
008
210301b ||||| |||| 00| 0 eng d
020
_a
0870062794
041
_a
eng
080
_a
621
100
_a
26
101
_a
MEK
245
_a
Modern Welding
_c
Althouse,D.A
942
_2
udc
_c
BK
999
_c
55376
_d
55376